000 00867nam a2200217 a 4500
001 BRCA_6056
005 20190320205321.0
008 170608s2005----mx-a---###---#000-0#spa-#
050 4 _aNK8899.5.S4
_b.C66 2005
100 1 _aContreras Vargas, Jannen
_915283
245 1 0 _aEvaluación de dos productos de quitina para el refuerzo de hilos de bordado de seda.
260 _aCiudad de México
_c2005
300 _a148 p.
_bil.
502 _aTesis Licenciatura (Licenciada en Restauración de Bienes Muebles) Escuela Nacional de Conservación, Restauración y Museografía ´Manuel del Castillo Negrete´
650 1 4 _aBordado
_vEvaluación
_xHistoria
_915284
650 1 4 _aSeda
_vEvaluación
_xProductos químicos
_915285
700 1 _aMainou Cervantes, Luisa
_easesor
_915286
700 1 _aSánchez Guevara, Fernando
_easesor
_915287
902 _aTES
942 _2lcc
_cTES
999 _c5743
_d5743